00286nam a2200121Ia 45000030006000000080041000060400015000471000019000622450034000812600020001155460012001350050017001470STCL150530s9999 xx 000 0 und d aSTCLcSTCL aHannan Ezekiel aSecond India studies industry bMacmillanc1975 aEnglish20220125165634.0